000 00529nam a2200181Ia 4500
005 20250508151113.0
008 008 250505s9999 xx 000 0 eng d
037 _aBooks to be hide in OPAC
040 _aFEDL
_beng
_cFEDL
041 _aeng
_2eng
084 _a759.954, RAO/O
_qFEDL
100 _aRao P R Ramachandra
_9603787
245 0 _aModern Indian painting
260 _aMadars, India
_bRachana Publishers Pvt. Ltd.
_c1953
300 _a38p.
942 _cHB
_h759.954, RAO/O
999 _c1327591
_d1327591